| 000 | 00847nac a22002411u 4500 | ||
|---|---|---|---|
| 003 | EG-ScBUE | ||
| 005 | 20221023101753.0 | ||
| 008 | 110116s1999 ua a f 000 0 ara d | ||
| 017 | _a99 / 5316 | ||
| 020 | _a9771112708 | ||
| 040 |
_aEG-ScBUE _bara _erda _cEG-ScBUE _dEG-ScBUE |
||
| 082 | 0 | 4 |
_a780.15 _bز ك ر _222 |
| 100 | 1 |
_aزكريا، فؤاد، _d1927-2010، _eمؤلف. _916928 |
|
| 245 | 1 | 2 |
_aالتعبير الموسيقي / _cتأليف الدكتور فؤاد زكريا. |
| 264 | 1 |
_aالقاهرة : _bمكتبة مصر، _c1999. |
|
| 300 |
_a112 صفحة : _bإيضاحيات ؛ _c18 سم. |
||
| 490 | 0 | _aالثقافة السيكولوجية | |
| 650 | 7 |
_aالموسيقى. _2BUEsh _921989 |
|
| 650 | 7 |
_aالتذوق الموسيقي. _2BUEsh _921990 |
|
| 653 | _bART | ||
| 655 | _vReading book | ||
| 942 |
_cBB _k780.15 ز ك ر _2ddc |
||
| 999 |
_c5957 _d5957 |
||